00469nam a22001571a 4500020000900000040002600009050002000035100003300055245005300088260004500141300001200186500005600198600002800254600002600282852000300308 c0.00 aNEGST Library - Kenya aBS 325.G64 1962 aBible Society of East Africa aBiblia : wo wutya Cilagane Cigwana ne Cih[Text] aNairobibThe Bible Society of Eascc1962 a245 p.; a"The New Testament in Gogo" - T.P. verso [Africana] aBible N.T. _ Gogo, 1962 aGogo Language - Texts